[Event "Chioggia op-B 12th"]
[Site "Chioggia"]
[Date "2017.10.07"]
[Round "3"]
[White "Luisetto, Alessandro"]
[Black "Boscolo, Marco Bacchetto"]
[Result "0-1"]
[WhiteElo "1831"]
[BlackElo "1728"]
[PlyCount "62"]
[EventDate "2017.10.06"]
[EventType "swiss"]
[EventRounds "5"]
[EventCountry "ITA"]
[SourceTitle "EXT 2022"]
[Source "ChessBase"]
[SourceDate "2021.10.06"]
[SourceVersion "1"]
[SourceVersionDate "2021.10.06"]
[SourceQuality "1"]

1. Nf3 f5 2. c4 Nf6 3. Nc3 g6 4. d4 Bg7 5. g3 d6 6. Bg2 0-0 7. 0-0 Nc6 8. d5 Ne5 9. Qb3 Nxf3+ 10. Bxf3 a6 11. Bg2 h6 12. Qc2 Qe8 13. h3 g5 14. e4 Qg6 15. Qe2 f4 16. gxf4 gxf4 17. Kh2 Qg5 18. Rg1 Qh4 19. Bf1 h5 20. f3 Kh8 21. Rg6 Rg8 22. Qg2 Kh7 23. Bd2 Bxh3 24. Rxg7+ Rxg7 25. Qxh3 Qf2+ 26. Bg2 Rag8 27. Rg1 Rg3 28. Qf5+ Kh8 29. Qxf4 Rxg2+ 30. Kh3 Qxg1 31. Qh6+ Nh7 0-1

[Event "Chioggia op-B 11th"]
[Site "Chioggia"]
[Date "2016.10.09"]
[Round "5"]
[White "Juretic, Lejla"]
[Black "Boscolo, Marco Bacchetto"]
[Result "1-0"]
[WhiteElo "1758"]
[BlackElo "1800"]
[PlyCount "101"]
[EventDate "2016.10.07"]
[EventType "swiss"]
[EventRounds "5"]
[EventCountry "ITA"]
[SourceTitle "EXT 2022"]
[Source "ChessBase"]
[SourceDate "2021.10.06"]
[SourceVersion "1"]
[SourceVersionDate "2021.10.06"]
[SourceQuality "1"]

1. e4 g6 2. d4 c6 3. Nf3 d5 4. exd5 cxd5 5. Bd3 Nc6 6. 0-0 Bg7 7. c3 Nf6 8. Bf4 0-0 9. h3 a6 10. Nbd2 b5 11. Qe2 Bf5 12. Bxf5 gxf5 13. Ne5 Nxe5 14. Bxe5 e6 15. Nf3 Ne4 16. Bxg7 Kxg7 17. Ne5 Qh4 18. a4 b4 19. cxb4 Rg8 20. b5 Kf6 21. Qe3 f4 22. Qd3 axb5 23. Ng4+ Ke7 24. Qxb5 Nd6 25. Qd3 h5 26. Ne5 Ne4 27. Rac1 f3 28. Qxf3 Ng5 29. Qa3+ Ke8 30. Kh1 Ne4 31. Rc7 Qg5 32. Qf3 f5 33. Rfc1 Nd2 34. Rc8+ Rxc8 35. Rxc8+ Ke7 36. Rc7+ Ke8 37. Rc8+ Ke7 38. Rxg8 Nxf3 39. Rxg5 Nxg5 40. f3 Kd6 41. b4 Kc7 42. Kg1 Nh7 43. Kf2 Nf6 44. Ke3 Ne8 45. g4 hxg4 46. hxg4 fxg4 47. fxg4 Nd6 48. g5 Kb6 49. g6 Kc7 50. Kf4 Nf5 51. Kg5 1-0

[Event "Chioggia op-B 03rd"]
[Site "Chioggia"]
[Date "2008.10.11"]
[Round "2"]
[White "Boscolo, Marco Bacchetto"]
[Black "Mantovan, Giorgio"]
[Result "1-0"]
[WhiteElo "1758"]
[BlackElo "1599"]
[PlyCount "105"]
[EventDate "2008.10.10"]
[EventType "swiss"]
[EventRounds "5"]
[EventCountry "ITA"]
[SourceTitle "EXT 2022"]
[Source "ChessBase"]
[SourceDate "2021.10.06"]
[SourceVersion "1"]
[SourceVersionDate "2021.10.06"]
[SourceQuality "1"]

1. d4 d5 2. Bg5 Nd7 3. Nc3 Ngf6 4. f3 e6 5. e4 Be7 6. Bd3 h6 7. Bh4 c6 8. Nge2 c5 9. dxc5 Bxc5 10. exd5 exd5 11. Qd2 Qa5 12. 0-0-0 0-0 13. Bb5 a6 14. Bxd7 Nxd7 15. Qxd5 Qb4 16. Bg3 Nf6 17. Qb3 Be6 18. Qxb4 Bxb4 19. Bd6 Bxd6 20. Rxd6 Rac8 21. Rhd1 Rc5 22. Nd4 Bc8 23. Nb3 Rg5 24. g4 Re5 25. Rd8 Be6 26. Rxf8+ Kxf8 27. Rd8+ Ke7 28. Rb8 b5 29. Kd2 Bc4 30. Nd4 Kd7 31. b3 Bf1 32. Rb7+ Ke8 33. Rb6 a5 34. Ncxb5 Nd7 35. Rb7 g6 36. c4 Rc5 37. Ra7 a4 38. Rxa4 h5 39. Ra8+ Ke7 40. Nc3 Kf6 41. Ne4+ Ke5 42. Nxc5 Nxc5 43. Ke3 hxg4 44. Re8+ Kf6 45. fxg4 Bh3 46. Kf4 g5+ 47. Kg3 Bf1 48. a4 Bd3 49. Kf3 Bg6 50. a5 Kg7 51. b4 Na6 52. b5 Nc7 53. Re7 1-0

[Event "Chioggia op 1st"]
[Site "Chioggia"]
[Date "2006.01.29"]
[Round "3"]
[White "Boscolo, Marco Bacchetto"]
[Black "Biserni, Federica"]
[Result "1-0"]
[WhiteElo "1758"]
[BlackElo "1410"]
[PlyCount "73"]
[EventDate "2006.01.28"]
[EventType "swiss"]
[EventRounds "6"]
[EventCountry "ITA"]
[SourceTitle "EXT 2022"]
[Source "ChessBase"]
[SourceDate "2021.10.06"]
[SourceVersion "1"]
[SourceVersionDate "2021.10.06"]
[SourceQuality "1"]

1. f4 Nf6 2. b3 e6 3. Bb2 d5 4. Nf3 Bd6 5. e3 0-0 6. Bd3 Nc6 7. 0-0 b6 8. Ne5 Bb7 9. g4 Nb4 10. g5 Ne4 11. Bxe4 dxe4 12. a3 Nc6 13. Ng4 Ne7 14. Nc3 Nf5 15. Nf2 Ba6 16. Re1 e5 17. Qg4 Bc8 18. Qg2 exf4 19. Ncxe4 fxe3 20. dxe3 Nh4 21. Nf6+ gxf6 22. Qxa8 Bxh2+ 23. Kxh2 Qd6+ 24. Kh1 Qg3 25. Rg1 Qxf2 26. gxf6+ Ng6 27. Rg2 Qh4+ 28. Rh2 Bh3 29. Qf3 Bg4 30. Qg2 Qg5 31. Rg1 h5 32. e4 Re8 33. Rf1 Nh4 34. Bc1 Qe5 35. Qxg4+ Ng6 36. Qxg6+ fxg6 37. f7+ 1-0